[Event "20. Abierto de la Constitucion 2018"]
[Site "S. S. de los Reyes ESP"]
[Date "2018.12.01"]
[Round "1.1"]
[White "Rodriguez Bernal, Herman"]
[Black "Gallardo Garcia, Andres"]
[Result "0-1"]
[WhiteElo "1745"]
[BlackElo "2331"]
[PlyCount "73"]
[EventDate "2018.12.01"]
[EventType "swiss"]
[EventRounds "9"]
[EventCountry "ESP"]
[SourceTitle "Ajedrez en Madrid"]
[Source "lmi"]
[SourceDate "2018.12.01"]

1. d4 Nf6 2. c4 g6 3. Nf3 Bg7 4. Nc3 O-O 5. Bg5 c5 6. Bxf6 Bxf6 7. e3 cxd4 8.
exd4 d6 9. Be2 Bg7 10. O-O Nc6 11. Qd2 e5 12. dxe5 dxe5 13. Nd5 e4 14. Ne1 f5
15. Rd1 f4 16. c5 Kh8 17. Nc3 Qxd2 18. Rxd2 Bf5 19. g4 f3 20. Bxf3 exf3 21.
gxf5 Rxf5 22. Ne4 Nd4 23. Ng3 Rxc5 24. Nd3 Rd5 25. Rfd1 Rad8 26. Nf1 Ne2+ 27.
Kh1 Bh6 28. Ne3 R5d7 29. Ne5 Rxd2 30. Nf7+ Kg7 31. Nxd8 Bxe3 32. Rxd2 Bxd2 33.
Ne6+ Kf6 34. Nc5 Ke5 35. b4 b6 36. Nd3+ Kd4 37. Nb2 0-1

[Event "20. Abierto de la Constitucion 2018"]
[Site "S. S. de los Reyes ESP"]
[Date "2018.12.01"]
[Round "1.2"]
[White "Lianes Garcia, Marcos"]
[Black "Llamas Aliste, Alberto"]
[Result "1-0"]
[WhiteElo "2330"]
[BlackElo "1703"]
[PlyCount "67"]
[EventDate "2018.12.01"]
[EventType "swiss"]
[EventRounds "9"]
[EventCountry "ESP"]
[SourceTitle "Ajedrez en Madrid"]
[Source "lmi"]
[SourceDate "2018.12.01"]

1. d4 Nf6 2. c4 g6 3. Nc3 d5 4. Nf3 Bg7 5. Bf4 a6 6. e3 O-O 7. Rc1 c5 8. dxc5
Qa5 9. cxd5 Qxc5 10. Be2 Nh5 11. Be5 Nd7 12. Bxg7 Nxg7 13. O-O Nb6 14. e4 Qb4
15. Qd4 Qxd4 16. Nxd4 Nd7 17. Na4 f5 18. exf5 b5 19. Nc5 Nxf5 20. Nxf5 gxf5 21.
Nxd7 Bxd7 22. Rc7 Rfd8 23. f4 Kf8 24. Rfc1 Rac8 25. Kf2 Kf7 26. Ke3 Kf6 27.
Rxc8 Rxc8 28. Rxc8 Bxc8 29. Kd4 h6 30. b4 Bb7 31. Bf3 Bc8 32. Kc5 e5 33. fxe5+
Kxe5 34. Kc6 1-0

[Event "20. Abierto de la Constitucion 2018"]
[Site "S. S. de los Reyes ESP"]
[Date "2018.12.01"]
[Round "1.3"]
[White "Lopez Orellana, Federico"]
[Black "Quevedo Marin, Manuel"]
[Result "0-1"]
[WhiteElo "1683"]
[BlackElo "2199"]
[PlyCount "114"]
[EventDate "2018.12.01"]
[EventType "swiss"]
[EventRounds "9"]
[EventCountry "ESP"]
[SourceTitle "Ajedrez en Madrid"]
[Source "lmi"]
[SourceDate "2018.12.01"]

1. d4 d5 2. Bf4 Nf6 3. e3 e6 4. Nd2 c5 5. c3 Nc6 6. Ngf3 Bd6 7. Bg3 O-O 8. Ne5
Ne7 9. Bd3 b6 10. O-O Bb7 11. Qe2 a5 12. dxc5 bxc5 13. e4 Qc7 14. Ng4 Nxe4 15.
Nxe4 dxe4 16. Bxe4 Bxg3 17. hxg3 Bxe4 18. Qxe4 Qb6 19. Qe2 Rab8 20. Rab1 Nd5
21. Ne3 Rfd8 22. Rfd1 h6 23. Nxd5 exd5 24. Qe5 d4 25. Rd3 Re8 26. Qf4 Qg6 27.
Rbd1 Rxb2 28. cxd4 cxd4 29. Rxd4 Rxa2 30. Rd6 Qe4 31. Qc1 a4 32. R6d4 Qe2 33.
Qf4 Qb5 34. Rd7 Qb3 35. Rd8 Rae2 36. R8d3 Re1+ 37. Kh2 Rxd1 38. Rxb3 axb3 39.
Qb4 Rd3 40. Qb5 Red8 41. Qb6 g6 42. g4 Kg7 43. f3 R8d7 44. Qb5 R7d5 45. Qb4 h5
46. gxh5 Rxh5+ 47. Kg3 Rg5+ 48. Kh3 Rgd5 49. Kg3 Re3 50. Qb6 Re2 51. Qxb3 Rg5+
52. Kf4 Rexg2 53. Qc3+ Kh7 54. Qc7 Rf5+ 55. Ke3 Ra2 56. Qd7 Ra3+ 57. Ke2 Raxf3
0-1

[Event "20. Abierto de la Constitucion 2018"]
[Site "S. S. de los Reyes ESP"]
[Date "2018.12.01"]
[Round "1.4"]
[White "Alfaya Marcelo, Roberto"]
[Black "Perdiguero Herreros, Alejandro"]
[Result "1-0"]
[WhiteElo "2166"]
[BlackElo "1635"]
[PlyCount "43"]
[EventDate "2018.12.01"]
[EventType "swiss"]
[EventRounds "9"]
[EventCountry "ESP"]
[SourceTitle "Ajedrez en Madrid"]
[Source "lmi"]
[SourceDate "2018.12.01"]

1. c4 e5 2. Nc3 Nf6 3. g3 d5 4. cxd5 Nxd5 5. Bg2 Nb6 6. Nf3 Nc6 7. O-O Be7 8.
d3 O-O 9. Be3 Kh8 10. a3 f5 11. b4 f4 12. Bc1 Bf6 13. Ne4 Be7 14. Bb2 a5 15. b5
Nd4 16. Nxe5 Rf5 17. gxf4 a4 18. Ng3 Rf8 19. e3 Nb3 20. Qh5 Be6 21. Be4 Bg8 22.
Ng6# 1-0

[Event "20. Abierto de la Constitucion 2018"]
[Site "S. S. de los Reyes ESP"]
[Date "2018.12.01"]
[Round "1.5"]
[White "Bellod Thomas, Gonzalo"]
[Black "Lozano Suarez, Luis Miguel"]
[Result "0-1"]
[WhiteElo "1633"]
[BlackElo "2135"]
[PlyCount "108"]
[EventDate "2018.12.01"]
[EventType "swiss"]
[EventRounds "9"]
[EventCountry "ESP"]
[SourceTitle "Ajedrez en Madrid"]
[Source "lmi"]
[SourceDate "2018.12.01"]

1. d4 Nf6 2. Nf3 e6 3. Bg5 d5 4. e3 Be7 5. Bd3 c5 6. c4 dxc4 7. Bxc4 cxd4 8.
exd4 O-O 9. O-O Nbd7 10. Nc3 Nb6 11. Bb3 Nfd5 12. Bxe7 Qxe7 13. Re1 Nxc3 14.
bxc3 Qc7 15. Qd3 g6 16. Ne5 Bd7 17. Qh3 Kg7 18. Ng4 h5 19. Ne5 Ba4 20. Qf3 Bxb3
21. axb3 Nd7 22. Qe3 Nxe5 23. Qxe5+ Qxe5 24. Rxe5 a6 25. Rd1 Rfd8 26. c4 Kf6
27. f4 Rd7 28. Kf2 Rad8 29. Ke3 Rd6 30. h4 Ke7 31. Ra5 Rb6 32. Rd3 Rbd6 33. Rd1
Kd7 34. Ra2 Ke7 35. Rad2 Kf6 36. Ke4 Ke7 37. Rd3 f6 38. Rg3 Kf7 39. Rgd3 Rb6
40. R1d2 Ke7 41. Rd1 Rg8 42. d5 Rd8 43. c5 Rb4+ 44. Ke3 Rxd5 45. Rxd5 exd5 46.
Rxd5 Rxb3+ 47. Kf2 Rb5 48. Ke3 b6 49. Rd6 Rb3+ 50. Kd4 bxc5+ 51. Kxc5 Rc3+ 52.
Kd4 Kxd6 53. Kxc3 Ke6 54. Kd4 Kf5 0-1

[Event "20. Abierto de la Constitucion 2018"]
[Site "S. S. de los Reyes ESP"]
[Date "2018.12.01"]
[Round "1.6"]
[White "Lopez-Andujar Ocana, Antonio"]
[Black "Martinez Miura, Enrique"]
[Result "0-1"]
[WhiteElo "2100"]
[BlackElo "1627"]
[PlyCount "62"]
[EventDate "2018.12.01"]
[EventType "swiss"]
[EventRounds "9"]
[EventCountry "ESP"]
[SourceTitle "Ajedrez en Madrid"]
[Source "lmi"]
[SourceDate "2018.12.01"]

1. d4 d5 2. c4 c6 3. Nc3 e6 4. e4 dxe4 5. Nxe4 Nf6 6. Nxf6+ Qxf6 7. Nf3 Bb4+ 8.
Bd2 Bxd2+ 9. Qxd2 Nd7 10. O-O-O b6 11. Bd3 Bb7 12. Rhe1 O-O 13. Be4 Rfd8 14.
Kb1 Rab8 15. Qc2 g6 16. Qa4 b5 17. Qxa7 bxc4 18. Rc1 Ba8 19. Qa6 Nc5 20. Qxc4
Nxe4 21. Rxe4 c5 22. Re2 cxd4 23. Ne1 Bd5 24. Qd3 e5 25. f3 Qe6 26. a3 Rb3 27.
Qc2 Qa6 28. Rd2 Qxa3 29. Qc5 Qa4 30. Nd3 Rb5 31. Qc7 Ba2+ 0-1

[Event "20. Abierto de la Constitucion 2018"]
[Site "S. S. de los Reyes ESP"]
[Date "2018.12.01"]
[Round "1.7"]
[White "Savchuk, Olga"]
[Black "Hernandez Ramos, David"]
[Result "0-1"]
[WhiteElo "1612"]
[BlackElo "2078"]
[PlyCount "108"]
[EventDate "2018.12.01"]
[EventType "swiss"]
[EventRounds "9"]
[EventCountry "ESP"]
[SourceTitle "Ajedrez en Madrid"]
[Source "lmi"]
[SourceDate "2018.12.01"]

1. e4 e6 2. d4 d5 3. exd5 exd5 4. Bd3 Bd6 5. Nf3 Nf6 6. O-O O-O 7. Bg5 Bg4 8.
Nbd2 Nbd7 9. c3 Re8 10. Qc2 h6 11. Bh4 Nf8 12. Rfe1 g5 13. Bg3 Ne6 14. Ne5 Bh5
15. Nf1 c5 16. Ne3 cxd4 17. Nf5 Bxe5 18. Bxe5 Ng4 19. cxd4 Nxe5 20. Rxe5 Qf6
21. Rxd5 Red8 22. Rd6 Rxd6 23. Nxd6 Nxd4 24. Qc7 Qe5 25. Qxb7 Rd8 26. Nc4 Qc5
27. Ne3 Qd6 28. Kf1 Qxh2 29. Ke1 Qg1+ 30. Bf1 Be2 31. Rc1 Bxf1 32. Nxf1 Ne6 33.
Rc8 Rxc8 34. Qxc8+ Nf8 35. Qb7 Qh1 36. Qe4 Ng6 37. Qe8+ Kg7 38. Qe4 Nf4 39.
Qe5+ Kg6 40. Qe4+ Kf6 41. Qd4+ Kg6 42. Qe4+ Kf6 43. Qd4+ Kf5 44. Qd7+ Kg6 45.
Qd6+ Kh5 46. g3 Qe4+ 47. Ne3 Nd3+ 48. Kf1 Ne5 49. Qd1+ g4 50. Ng2 Nd3 51. Qd2
Kg6 52. Nf4+ Nxf4 53. Qxf4 Qxf4 54. gxf4 Kf5 0-1

[Event "20. Abierto de la Constitucion 2018"]
[Site "S. S. de los Reyes ESP"]
[Date "2018.12.01"]
[Round "1.8"]
[White "Pindado Campos, Raul"]
[Black "Alfaya Martinez, Enrique"]
[Result "1-0"]
[WhiteElo "2065"]
[BlackElo "1594"]
[PlyCount "67"]
[EventDate "2018.12.01"]
[EventType "swiss"]
[EventRounds "9"]
[EventCountry "ESP"]
[SourceTitle "Ajedrez en Madrid"]
[Source "lmi"]
[SourceDate "2018.12.01"]

1. d4 Nf6 2. Nf3 g6 3. c4 Bg7 4. Nc3 O-O 5. e4 d6 6. Be2 Nbd7 7. O-O e5 8. d5
Nc5 9. Qc2 a5 10. Bg5 h6 11. Bh4 g5 12. Bg3 Nh7 13. Bd3 h5 14. h4 g4 15. Ne1
Bf6 16. f4 Bxh4 17. Qf2 Bf6 18. fxe5 dxe5 19. Qxc5 h4 20. Bf2 Bd7 21. d6 cxd6
22. Qb6 g3 23. Be3 Qb8 24. Nd5 Bd8 25. Qb3 h3 26. gxh3 Bxh3 27. Rf3 Bh4 28. Ng2
Qd8 29. Qb6 Qxb6 30. Nxb6 Bxg2 31. Kxg2 Rad8 32. Rh1 Be7 33. Nd5 Rd7 34. Rxg3+
1-0

[Event "20. Abierto de la Constitucion 2018"]
[Site "S. S. de los Reyes ESP"]
[Date "2018.12.01"]
[Round "1.9"]
[White "Hidalgo Prado, David"]
[Black "Rodrigo Yanguas, Maria"]
[Result "0-1"]
[WhiteElo "1588"]
[BlackElo "2053"]
[PlyCount "98"]
[EventDate "2018.12.01"]
[EventType "swiss"]
[EventRounds "9"]
[EventCountry "ESP"]
[SourceTitle "Ajedrez en Madrid"]
[Source "lmi"]
[SourceDate "2018.12.01"]

1. e4 c5 2. c3 d5 3. exd5 Qxd5 4. d4 Nc6 5. Nf3 Nf6 6. Be2 e6 7. O-O Be7 8. Be3
cxd4 9. cxd4 O-O 10. Nc3 Qd6 11. h3 b6 12. Qa4 Bb7 13. Nb5 Qb8 14. b4 a6 15.
Nc3 Nxb4 16. Ne5 b5 17. Qb3 Nbd5 18. Bf3 Nxc3 19. Qxc3 Bxf3 20. Nxf3 Nd5 21.
Qd2 Bf6 22. Rac1 Qd6 23. Rc5 b4 24. Ne5 Bxe5 25. dxe5 Qxe5 26. Bd4 Qf4 27. Qb2
f6 28. Rfc1 a5 29. R5c4 Qg5 30. Qe2 Rfe8 31. R1c2 a4 32. Rc8 Nf4 33. Rxe8+ Rxe8
34. Qf3 Nd5 35. Qe2 e5 36. Qb5 Rd8 37. Bb6 Nf4 38. Qf1 Re8 39. Kh2 h5 40. Be3
Qg6 41. Qc4+ Kh7 42. Bxf4 exf4 43. Rb2 f3 44. g3 Re4 45. Qd5 Re2 46. Rxe2 fxe2
47. Qd2 Qe4 48. Qe1 b3 49. axb3 axb3 0-1

[Event "20. Abierto de la Constitucion 2018"]
[Site "S. S. de los Reyes ESP"]
[Date "2018.12.01"]
[Round "1.10"]
[White "Aziz Ortego, Omar Luis"]
[Black "Haering Hijon, Javier"]
[Result "1-0"]
[WhiteElo "2053"]
[BlackElo "1555"]
[PlyCount "119"]
[EventDate "2018.12.01"]
[EventType "swiss"]
[EventRounds "9"]
[EventCountry "ESP"]
[SourceTitle "Ajedrez en Madrid"]
[Source "lmi"]
[SourceDate "2018.12.01"]

1. e4 e5 2. Nc3 Nc6 3. Bc4 Bc5 4. d3 d6 5. Nd5 h6 6. c3 Nf6 7. b4 Bb6 8. a3
Nxd5 9. exd5 Ne7 10. Nf3 O-O 11. Be3 Nf5 12. Bxb6 axb6 13. O-O Bd7 14. Bb3 Re8
15. Re1 Ne7 16. d4 exd4 17. Nxd4 Ng6 18. a4 Ne5 19. f4 Ng6 20. g3 Rxe1+ 21.
Qxe1 Qe8 22. b5 Nf8 23. Qd2 Qe7 24. Re1 Qf6 25. Re3 Re8 26. Qe1 Rxe3 27. Qxe3
Qd8 28. f5 Bc8 29. Kf2 Nd7 30. Ne6 fxe6 31. dxe6 Kf8 32. exd7 Bxd7 33. g4 Qe7
34. Qxe7+ Kxe7 35. Kg3 Kf6 36. Kf4 c6 37. Bc4 Be8 38. Bd3 Bf7 39. c4 d5 40.
bxc6 bxc6 41. c5 bxc5 42. a5 c4 43. Bb1 d4 44. a6 Bd5 45. h4 c5 46. g5+ hxg5+
47. hxg5+ Ke7 48. Ba2 d3 49. Ke3 Kd7 50. a7 Kc7 51. Bxc4 Bc6 52. f6 gxf6 53.
gxf6 Kd6 54. Kxd3 Bh1 55. Ke3 Bb7 56. Kf4 Ba8 57. Kg5 Kd7 58. Kg6 Be4+ 59. Kg7
Kd6 60. f7 1-0

[Event "20. Abierto de la Constitucion 2018"]
[Site "S. S. de los Reyes ESP"]
[Date "2018.12.01"]
[Round "1.11"]
[White "Salgado Nogal, Marcos"]
[Black "Lorenzo Bailador, Alfredo"]
[Result "1/2-1/2"]
[WhiteElo "1533"]
[BlackElo "2044"]
[PlyCount "115"]
[EventDate "2018.12.01"]
[EventType "swiss"]
[EventRounds "9"]
[EventCountry "ESP"]
[SourceTitle "Ajedrez en Madrid"]
[Source "lmi"]
[SourceDate "2018.12.01"]

1. e4 e5 2. Nf3 Nc6 3. Bc4 Nf6 4. Ng5 d5 5. exd5 b5 6. Be2 Nd4 7. O-O Bb7 8.
Nf3 Nxf3+ 9. Bxf3 Bxd5 10. Bxd5 Qxd5 11. Nc3 Qc5 12. a3 Bd6 13. Qe2 a6 14. d3
O-O 15. Be3 Qc6 16. Rfe1 Nd7 17. Ne4 f5 18. Nxd6 cxd6 19. f3 Rae8 20. Qd2 d5
21. Rad1 Nf6 22. c3 Rf7 23. Bg5 h6 24. Bxf6 Qxf6 25. f4 Rfe7 26. fxe5 Rxe5 27.
Rxe5 Rxe5 28. Re1 Qe6 29. Rxe5 Qxe5 30. Kh1 Kf7 31. Kg1 g5 32. Qf2 Kg6 33. h3
f4 34. Qb6+ Kh5 35. Qf2 Kg6 36. Qb6+ Kh5 37. Qf2 Qe6 38. Qf3+ Kg6 39. Kf2 Kf6
40. d4 a5 41. Qd3 Qe8 42. b3 Qc6 43. Qh7 Qxc3 44. Qxh6+ Kf7 45. Qh7+ Ke6 46.
Qg6+ Kd7 47. Qf5+ Kd6 48. Qf6+ Kc7 49. Qe7+ Kb8 50. Qd8+ Ka7 51. Qd7+ Ka6 52.
Qd6+ Ka7 53. Qd7+ Ka6 54. Qxd5 Qe3+ 55. Kf1 Qd3+ 56. Kf2 Qe3+ 57. Kf1 Qd3+ 58.
Kf2 1/2-1/2

[Event "20. Abierto de la Constitucion 2018"]
[Site "S. S. de los Reyes ESP"]
[Date "2018.12.01"]
[Round "1.12"]
[White "Lin, Yingrui"]
[Black "Criado Jimenez, Jose"]
[Result "1-0"]
[WhiteElo "2017"]
[BlackElo "1527"]
[PlyCount "49"]
[EventDate "2018.12.01"]
[EventType "swiss"]
[EventRounds "9"]
[EventCountry "ESP"]
[SourceTitle "Ajedrez en Madrid"]
[Source "lmi"]
[SourceDate "2018.12.01"]

1. d4 d5 2. Bf4 e6 3. Nf3 Bd6 4. e3 Bxf4 5. exf4 Nd7 6. Bd3 Ngf6 7. Nbd2 O-O 8.
O-O c5 9. c3 c4 10. Bc2 Qc7 11. Ne5 Nxe5 12. fxe5 Nd7 13. Qh5 h6 14. f4 f5 15.
exf6 Nxf6 16. Qh4 Bd7 17. Rae1 Rae8 18. Bg6 Rd8 19. Nf3 Be8 20. Bb1 Bd7 21. Ne5
Bc8 22. g4 Nd7 23. Ng6 Rfe8 24. Ne7+ Kf7 25. Bg6+ 1-0

[Event "20. Abierto de la Constitucion 2018"]
[Site "S. S. de los Reyes ESP"]
[Date "2018.12.01"]
[Round "1.13"]
[White "Pindado Del Carmen, Eliseo"]
[Black "Romero Fite, Miguel"]
[Result "0-1"]
[WhiteElo "1525"]
[BlackElo "2003"]
[PlyCount "56"]
[EventDate "2018.12.01"]
[EventType "swiss"]
[EventRounds "9"]
[EventCountry "ESP"]
[SourceTitle "Ajedrez en Madrid"]
[Source "lmi"]
[SourceDate "2018.12.01"]

1. d4 Nf6 2. c4 g6 3. Nc3 Bg7 4. Nf3 O-O 5. e4 d6 6. Bg5 h6 7. Bh4 Bg4 8. Be2
Nfd7 9. h3 Bxf3 10. Bxf3 Nc6 11. Ne2 Bf6 12. Bxf6 Nxf6 13. e5 Nd7 14. Bxc6 bxc6
15. Qd2 Kh7 16. Qe3 c5 17. f4 cxd4 18. Nxd4 c5 19. Nc6 Qb6 20. Nxe7 dxe5 21.
O-O Rae8 22. Nd5 Qxb2 23. Rfd1 exf4 24. Qxf4 Kg7 25. Qc7 Re2 26. Nf4 Rd2 27.
Qc6 Qd4+ 28. Kh1 Rxd1+ 0-1

[Event "20. Abierto de la Constitucion 2018"]
[Site "S. S. de los Reyes ESP"]
[Date "2018.12.01"]
[Round "1.14"]
[White "Martin Rodriguez, Emilio"]
[Black "Rubio Gonzalez, Beltran"]
[Result "1-0"]
[WhiteElo "1994"]
[BlackElo "1510"]
[PlyCount "61"]
[EventDate "2018.12.01"]
[EventType "swiss"]
[EventRounds "9"]
[EventCountry "ESP"]
[SourceTitle "Ajedrez en Madrid"]
[Source "lmi"]
[SourceDate "2018.12.01"]

1. d4 d5 2. c4 c6 3. Nf3 Nf6 4. Nc3 a6 5. cxd5 cxd5 6. Bf4 Nc6 7. Ne5 Bf5 8. e3
e6 9. a3 Nd7 10. Nxc6 bxc6 11. Be2 Be7 12. O-O O-O 13. Rc1 c5 14. dxc5 Nxc5 15.
Na4 Nxa4 16. Qxa4 Qb6 17. b4 a5 18. Rc6 Qd8 19. Bc7 Qd7 20. b5 Bd8 21. Rfc1
Bxc7 22. Rxc7 Qd6 23. R1c6 Qe5 24. Qd4 Qxd4 25. exd4 e5 26. g4 Bc8 27. dxe5 Rd8
28. f4 Rb8 29. Rd6 Rxd6 30. exd6 Be6 31. f5 1-0

[Event "20. Abierto de la Constitucion 2018"]
[Site "S. S. de los Reyes ESP"]
[Date "2018.12.01"]
[Round "1.15"]
[White "Gonzalez Garcia, Luis"]
[Black "Paarup, Torsten"]
[Result "0-1"]
[WhiteElo "1505"]
[BlackElo "1989"]
[PlyCount "116"]
[EventDate "2018.12.01"]
[EventType "swiss"]
[EventRounds "9"]
[EventCountry "ESP"]
[SourceTitle "Ajedrez en Madrid"]
[Source "lmi"]
[SourceDate "2018.12.01"]

1. d4 Nf6 2. Bf4 d5 3. e3 c5 4. c3 Nc6 5. Nf3 Qb6 6. Qb3 c4 7. Qxb6 axb6 8. Na3
e6 9. Nb5 Ra5 10. a4 Na7 11. Nxa7 Rxa7 12. Bc7 Bd7 13. Bxb6 Rxa4 14. Rxa4 Bxa4
15. Be2 Bd6 16. Ne5 Nd7 17. Nxd7 Kxd7 18. Bc5 Bxc5 19. dxc5 Kc6 20. Kd2 Kxc5
21. Ra1 Bc6 22. f4 f6 23. h4 Re8 24. g3 Rf8 25. Ra5+ Kb6 26. Ra3 Rd8 27. b4
cxb3 28. Rxb3+ Kc5 29. Ra3 e5 30. Ra5+ Kb6 31. Ra1 d4 32. Bd3 dxc3+ 33. Kxc3
exf4 34. exf4 h6 35. Re1 Re8 36. Rxe8 Bxe8 37. Kd4 Bc6 38. g4 Kc7 39. g5 Kd6
40. gxf6 gxf6 41. Ke3 Kc5 42. Be2 b5 43. Bd3 b4 44. Bc2 Bd5 45. Kd3 b3 46. Bb1
Kb4 47. Kd4 Be6 48. Bd3 b2 49. Bc2 Ba2 50. Be4 b1=Q 51. Bxb1 Bxb1 52. Kd5 f5
53. Ke5 Kc4 54. Kf6 Kd4 55. Kg6 Ke4 56. Kxh6 Kxf4 57. Kg6 Kg4 58. h5 f4+ 0-1

[Event "20. Abierto de la Constitucion 2018"]
[Site "S. S. de los Reyes ESP"]
[Date "2018.12.01"]
[Round "1.16"]
[White "Cabanas Bravo, Juan Andres"]
[Black "Rial Rodriguez, Marta"]
[Result "1-0"]
[WhiteElo "1963"]
[BlackElo "1503"]
[PlyCount "65"]
[EventDate "2018.12.01"]
[EventType "swiss"]
[EventRounds "9"]
[EventCountry "ESP"]
[SourceTitle "Ajedrez en Madrid"]
[Source "lmi"]
[SourceDate "2018.12.01"]

1. e4 c5 2. Nf3 d6 3. d4 cxd4 4. Nxd4 Nf6 5. Nc3 g6 6. Be3 Bg7 7. f3 O-O 8. Qd2
Nc6 9. Bc4 Bd7 10. h4 h5 11. O-O-O Rc8 12. Bb3 Ne5 13. Bh6 Nc4 14. Bxc4 Rxc4
15. Bxg7 Kxg7 16. g4 hxg4 17. h5 Rh8 18. hxg6 fxg6 19. f4 Rc5 20. Rhe1 Qb8 21.
Nb3 Rch5 22. Qd4 Kf8 23. e5 Ne8 24. exd6 Nxd6 25. Nd5 Nf5 26. Qb4 Qd6 27. Nc5
Bc8 28. Nxe7 Qxd1+ 29. Kxd1 Nxe7 30. Nxb7 R8h7 31. Nd6 Rd5+ 32. Kc1 Bd7 33.
Qb8+ 1-0

[Event "20. Abierto de la Constitucion 2018"]
[Site "S. S. de los Reyes ESP"]
[Date "2018.12.01"]
[Round "1.17"]
[White "Garcia Minguez, Antonio"]
[Black "Bartolome Martin, Angel"]
[Result "0-1"]
[WhiteElo "1499"]
[BlackElo "1950"]
[PlyCount "142"]
[EventDate "2018.12.01"]
[EventType "swiss"]
[EventRounds "9"]
[EventCountry "ESP"]
[SourceTitle "Ajedrez en Madrid"]
[Source "lmi"]
[SourceDate "2018.12.01"]

1. d4 d6 2. Nf3 f5 3. e3 Nf6 4. c4 g6 5. Nc3 Bg7 6. b3 O-O 7. Bb2 e6 8. Be2 Qe7
9. Rb1 b6 10. O-O Bb7 11. d5 e5 12. Re1 h6 13. h3 Nbd7 14. b4 g5 15. Nh2 Qf7
16. Rf1 Qg6 17. Nb5 Rfc8 18. a3 a6 19. Nc3 Kh8 20. f3 h5 21. g4 Rg8 22. Rf2 f4
23. e4 Bf8 24. Rg2 Be7 25. Qe1 Qh6 26. Rf2 Nf8 27. gxh5 Nxh5 28. Ng4 Qh7 29.
Rh2 Ng6 30. Nd1 Nh4 31. Ndf2 Kg7 32. Qd1 Kf7 33. b5 a5 34. Bc3 Rh8 35. Bf1 Qg7
36. a4 Ng3 37. Bd3 Rh5 38. Nh1 Rah8 39. Kf2 Nxh1+ 40. Qxh1 R8h7 41. Bf1 Qh8 42.
Be1 Bc8 43. Ke2 Ng6 44. Bf2 Nf8 45. Rb3 Nd7 46. Bg2 Nf6 47. Qf1 Bxg4 48. fxg4
Nxg4 49. Rh1 Nxf2 50. Kxf2 g4 51. Qd1 gxh3 52. Bf3 R5h6 53. Bg4 Bh4+ 54. Kg1
h2+ 55. Kg2 Bg3 56. Be6+ Ke7 57. Qg4 Rg7 58. Qf5 Qf8 59. Bd7 Qxf5 60. Bxf5 Be1+
61. Kf1 Rg3 62. Rb2 Rg1+ 63. Rxg1 hxg1=Q+ 64. Kxg1 Bg3 65. Rg2 Rh4 66. Be6 Kf6
67. Bf5 Kg5 68. Be6 Rh6 69. Kf1 Rh1+ 70. Ke2 Re1+ 71. Kf3 Re3# 0-1

[Event "20. Abierto de la Constitucion 2018"]
[Site "S. S. de los Reyes ESP"]
[Date "2018.12.01"]
[Round "1.18"]
[White "Bello Burguet, Glenier Lazaro"]
[Black "Fernandez Diaz, Ricardo"]
[Result "1-0"]
[WhiteElo "1947"]
[BlackElo "1498"]
[PlyCount "65"]
[EventDate "2018.12.01"]
[EventType "swiss"]
[EventRounds "9"]
[EventCountry "ESP"]
[SourceTitle "Ajedrez en Madrid"]
[Source "lmi"]
[SourceDate "2018.12.01"]

1. c4 e5 2. Nc3 Nf6 3. Nf3 d6 4. d4 exd4 5. Nxd4 Be7 6. g3 Nbd7 7. Bg2 O-O 8.
O-O Ne5 9. b3 c6 10. Qc2 Qd7 11. e4 Qg4 12. f4 Ng6 13. f5 Ne5 14. Rf4 Qh5 15.
Rh4 Qxh4 16. gxh4 Re8 17. Nf3 Ned7 18. Bf4 Nh5 19. Be3 Nc5 20. b4 Nd7 21. a3
Nb6 22. Bf1 Bf6 23. Bd4 Be7 24. Qd2 Nd7 25. Bd3 Nhf6 26. Qg2 Bf8 27. Ne2 Nxe4
28. Bxe4 Rxe4 29. Ng3 Rg4 30. h3 Rf4 31. Nh5 Rxf5 32. Bxg7 Rxh5 33. Bf6+ 1-0

[Event "20. Abierto de la Constitucion 2018"]
[Site "S. S. de los Reyes ESP"]
[Date "2018.12.01"]
[Round "1.19"]
[White "Llamas Martinez, Pablo"]
[Black "Vaquerizo Calvo, Miguel Arturo"]
[Result "1/2-1/2"]
[WhiteElo "1479"]
[BlackElo "1944"]
[PlyCount "127"]
[EventDate "2018.12.01"]
[EventType "swiss"]
[EventRounds "9"]
[EventCountry "ESP"]
[SourceTitle "Ajedrez en Madrid"]
[Source "lmi"]
[SourceDate "2018.12.01"]

1. e4 e6 2. d4 d5 3. Nc3 Nc6 4. Nf3 Nf6 5. e5 Ne4 6. Be3 Bb4 7. Qd3 O-O 8. Be2
f6 9. O-O Bxc3 10. bxc3 fxe5 11. Nxe5 Nxe5 12. dxe5 b6 13. c4 Ba6 14. Qb3 d4
15. Bc1 c5 16. Qh3 Ng5 17. Bxg5 Qxg5 18. Qxe6+ Kh8 19. Qd6 Rae8 20. f4 Qe7 21.
Qxe7 Rxe7 22. Bd3 g5 23. g3 gxf4 24. gxf4 Rg7+ 25. Kf2 Rxf4+ 26. Ke1 Rh4 27.
Rh1 Re7 28. Kd2 Rxe5 29. Raf1 Bb7 30. Rhg1 Rxh2+ 31. Kc1 Rg2 32. Rh1 h5 33. Rh4
Rg4 34. Rh2 Kg7 35. Rhf2 Re7 36. Rh2 Rg5 37. Be2 Rf7 38. Rxf7+ Kxf7 39. Rxh5
Rxh5 40. Bxh5+ Kf6 41. Kd2 Ke5 42. c3 Be4 43. Be2 Bf5 44. Bf1 Ke4 45. Bd3+ Ke5
46. Be2 Bd7 47. Bd1 a6 48. a4 Be8 49. Bc2 Bf7 50. Bd3 Be6 51. Be2 Bf5 52. Bf3
Bd7 53. Bd1 b5 54. cxb5 axb5 55. axb5 Bxb5 56. cxd4+ Kxd4 57. Bc2 c4 58. Kc1
Ke3 59. Bd1 Bc6 60. Bc2 Bf3 61. Bb1 Be2 62. Bc2 Bd3 63. Ba4 Kd4 64. Bb5 1/2-1/2

[Event "20. Abierto de la Constitucion 2018"]
[Site "S. S. de los Reyes ESP"]
[Date "2018.12.01"]
[Round "1.20"]
[White "Vukotic Jovsic, Dragan"]
[Black "Enriquez Pastor, Jorge"]
[Result "1-0"]
[WhiteElo "1935"]
[BlackElo "1465"]
[PlyCount "65"]
[EventDate "2018.12.01"]
[EventType "swiss"]
[EventRounds "9"]
[EventCountry "ESP"]
[SourceTitle "Ajedrez en Madrid"]
[Source "lmi"]
[SourceDate "2018.12.01"]

1. d4 e6 2. Bf4 d5 3. Nf3 c5 4. e3 Nf6 5. c3 Nc6 6. Bd3 Bd6 7. Bg3 O-O 8. Nbd2
Re8 9. Ne5 cxd4 10. exd4 Qc7 11. f4 a6 12. a4 Bd7 13. O-O Ne7 14. Bf2 b5 15. g4
Bxe5 16. dxe5 Ne4 17. Nxe4 dxe4 18. Bxe4 Bc6 19. Qf3 Bxe4 20. Qxe4 Ng6 21. axb5
a5 22. Bd4 Ne7 23. Rf3 Qc4 24. Rh3 g6 25. b6 Nd5 26. f5 Nxb6 27. fxg6 fxg6 28.
Qb7 h5 29. Qe4 Re7 30. Qxg6+ Rg7 31. Qxh5 Qa6 32. Qh8+ Kf7 33. Rf3+ 1-0

[Event "20. Abierto de la Constitucion 2018"]
[Site "S. S. de los Reyes ESP"]
[Date "2018.12.01"]
[Round "1.21"]
[White "Gonzalez Morente, Jose A"]
[Black "Vazquez Gonzalez, Jesus"]
[Result "0-1"]
[WhiteElo "1449"]
[BlackElo "1923"]
[PlyCount "90"]
[EventDate "2018.12.01"]
[EventType "swiss"]
[EventRounds "9"]
[EventCountry "ESP"]
[SourceTitle "Ajedrez en Madrid"]
[Source "lmi"]
[SourceDate "2018.12.01"]

1. d4 d5 2. Nf3 e6 3. Bf4 c5 4. c3 Nc6 5. e3 Nf6 6. h3 Be7 7. Nbd2 O-O 8. Bd3
Re8 9. O-O cxd4 10. cxd4 Bd6 11. Ne5 Bxe5 12. dxe5 Nd7 13. Nf3 h6 14. Rc1 f6
15. exf6 Qxf6 16. b3 e5 17. Nxe5 Ndxe5 18. Bb1 Be6 19. Qc2 Bf7 20. Bxe5 Rxe5
21. Qh7+ Kf8 22. Qh8+ Bg8 23. Bh7 Qf7 24. Bxg8 Qxg8 25. Qxg8+ Kxg8 26. Rfd1 Rd8
27. a3 Kf7 28. b4 a6 29. Kf1 d4 30. exd4 Rxd4 31. Rxd4 Nxd4 32. Rc7+ Re7 33.
Rc4 Rd7 34. g3 b5 35. Rc3 Rd6 36. f4 Rc6 37. Rxc6 Nxc6 38. Ke2 Ke6 39. Kd3 Kd5
40. g4 g5 41. f5 Ne5+ 42. Kc3 Nf3 43. Kd3 Ng1 44. Ke3 Nxh3 45. Kf3 Ke5 0-1